| 000 | 01144cam a2200289 4500 | ||
|---|---|---|---|
| 001 | ##L134876 | ||
| 002 | ##9411 | ||
| 008 | 060907n2006 000 0 eng u | ||
| 020 | _a1903287669 | ||
| 035 | _a(Sirsi) u134876 | ||
| 041 | 0 | _aeng | |
| 050 | 0 | 4 | _a697 $2 18 |
| 110 | 2 |
_aChartered Institution of Building Services Engineers _92360 |
|
| 245 | 0 | 0 |
_aEnvironmental design _bCIBSE guide A |
| 250 | _a7th ed. | ||
| 260 |
_aLondon _bCIBSE _c2006 |
||
| 300 |
_a1v. _bill. _c30cm. + _e1 CD-ROM |
||
| 350 | _a95.40 | ||
| 490 | 0 |
_aCIBSE Guide _vA |
|
| 505 | 2 | _aEnvironmental criteria for design -- External design data -- Thermal properties of building structures -- Ventilation and air infiltration -- Thermal response and plant sizing -- Internal heat gains -- Moisture transfer and condensation -- Health issues | |
| 520 | _aOffers guidance for designers of low energy sustainable buildings. Updated to take account of recent legislative changes and the latest research and best practice. | ||
| 590 | _aIKA171006 | ||
| 651 | 4 |
_aUnited Kingdom _y |
|
| 690 |
_aBlock management _96220 |
||
| 700 | 1 |
_aButcher, Ken _eEditor |
|
| 942 | _n0 | ||
| 999 |
_c105826 _d105826 |
||